000 00664nam a2200193 i 4500
001 46663
003 ES-MaACL
005 20250809035826.0
007 t|
008 030331m18961897fr |||| | fre d
111 2 _aCongreso Penitenciario Internacional (
_n5º.
_d1895.
_cParís)
_9276
245 1 0 _aRapports...
_b: compte rendu /
_cCongrés Penitentiaire International.
260 _aMelun :
_b[s.n.,
_c1896-97] (
_fImp. Administrative)
300 _a6 v. ;
_c26 cm.
650 4 _aEstablecimientos penitenciarios-
_vCongresos y asambleas.
_9163123
650 7 _aDerecho penitenciario
_2embne
_9188563
852 _aES-MaACL
_jG-12480-85
999 _c46663
_d46663